Δυσχέρειες εξόδου της ελληνικής οικονομίας από την κρίση

Αποθηκεύτηκε σε:
Λεπτομέρειες βιβλιογραφικής εγγραφής
Κύριος συγγραφέας: Δρακάτος, Κωνσταντίνος Γ.
Μορφή: Βιβλίο
Γλώσσα:Greek
Δημοσίευση: Αθήνα : Παπαζήση, 1992
Θέματα:
Ετικέτες: Προσθήκη ετικέτας
Δεν υπάρχουν, Καταχωρήστε ετικέτα πρώτοι!

MARC

LEADER 00000nam a2200000 i 4500
001 1/77628
008 960614s1992 gre d
035 |a 1993  |b 1  |c Χιωτάκης  |l 10032711 
040 |a GR-MY-UA  |b gre  |e aacr 
041 0 |a gre 
082 0 |a 330.9495 
100 1 |a Δρακάτος, Κωνσταντίνος Γ. 
245 1 0 |a Δυσχέρειες εξόδου της ελληνικής οικονομίας από την κρίση /  |c Κωνστ. Γ. Δρακάτος 
260 |a Αθήνα :   |b Παπαζήση,   |c 1992 
300 |a 278 σ. 
504 |a Περιλ. ευρετήριο 
650 0 0 |a Financial crises  |z Greece. 
852 |a INST  |b CHIOS  |e 19960614  |h 330.9495 ΔΡΑ  |p 005200008506  |q 005200008506  |t BK  |y 0 
852 |a INST  |b RHODES  |e 19960807  |h 330.9495 ΔΡΑ  |p 005400009807  |q 005400009807  |t BK  |y 0 
909 |a Ρ  |b 025841  |c 1993 
909 |a Χ  |b 031362